| 000 | 00782nac a22002171u 4500 | ||
|---|---|---|---|
| 010 | _a2003051763 | ||
| 020 | _a0137005105 | ||
| 082 | 0 | 0 |
_a621.381 _bT631 |
| 090 |
_c936 _d936 |
||
| 100 | _aTocci, Ronald J. | ||
| 245 | 1 | 0 |
_aDigital systems : _bprinciples and applications / _cRonald J. Tocci, Neal S. Widmer, Gregory L. Moss. |
| 250 | _a7th ed. | ||
| 260 |
_aNew Delhi : _bPrentice Hall of India, _cc2004. |
||
| 300 |
_a986 p. : _bill. ; _c29 cm. |
||
| 500 | _aIncludes index. | ||
| 650 | 0 | _aDigital electronics. | |
| 700 | 1 | _aWidmer, Neal S. | |
| 700 | 1 | _aMoss, Gregory L. | |
| 942 |
_cBB _k621.381T631 |
||
| 999 |
_c936 _d936 |
||